000 00355nam a2200109Ia 4500
008 171204s9999 xx 000 0 und d
245 _aModern Bridal Photography Techniques: Portraits from Brett Florens Teach You How
245 _cBrett Florens
260 _c2014
650 _xBasic Photography
856 _uhttp://down.ebook777.com/036/9781608955824.pdf
999 _c346265
_d346265